000 00755cam a22002413a 4500
001 17094
003 PGUSA
005 20140828083350.0
008 051118s2005||||xxu|||||s|||||000 | eng d
040 _aPGUSA
_beng
042 _adc
050 4 _aPZ
100 1 _aJohnston, Annie F.
_q(Annie Fellows),
_d1863-1931
245 1 4 _aThe Story of the Red Cross as told to The Little Colonel
_h[electronic resource] /
_cAnnie F. Johnston
260 _bProject Gutenberg,
_c2005
506 _aPublic domain in the USA.
516 _aElectronic text
653 _aRed Cross and Red Crescent -- Juvenile literature
700 1 _aGoss, John,
_d1886-1963
830 0 _aProject Gutenberg
_v17094
856 4 0 _uhttp://www.gutenberg.org/ebooks/17094
942 _cEB
999 _c246349
_d246349